TH-SOF-0845-DESIGN, SIMULATION AND OPTIMIZATION OF NOVEL MICROGRIPPER FOR THE DIAGNOSIS OF DYSPLASIA (Record no. 578711)

000 -LEADER
fixed length control field 00402nam a22001217a 4500
082 ## - DEWEY DECIMAL CLASSIFICATION NUMBER
Classification number 200 THE
100 ## - MAIN ENTRY--PERSONAL NAME
Personal name TALHA MASOOD KHAN
9 (RLIN) 72718
245 ## - TITLE STATEMENT
Title TH-SOF-0845-DESIGN, SIMULATION AND OPTIMIZATION OF NOVEL MICROGRIPPER FOR THE DIAGNOSIS OF DYSPLASIA
260 ## - PUBLICATION, DISTRIBUTION, ETC.
Place of publication, distribution, etc. ISLAMABAD
Name of publisher, distributor, etc. NUST COLLEGE OF EME
Date of publication, distribution, etc. 2013
650 ## - SUBJECT ADDED ENTRY--TOPICAL TERM
Topical term or geographic name entry element MS-ELECT-67 MSTHESIS
700 ## - ADDED ENTRY--PERSONAL NAME
Personal name SUPERVISOR DR HAMOOD UR RAHMAN
9 (RLIN) 70300
942 ## - ADDED ENTRY ELEMENTS (KOHA)
Koha item type Computer Files
Holdings
Withdrawn status Lost status Damaged status Not for loan Permanent Location Current Location Shelving location Date acquired Total Checkouts Full call number Barcode Date last seen Price effective from Koha item type
        College of Electrical & Mechanical Engineering (CEME) College of Electrical & Mechanical Engineering (CEME) Reference 03/05/2020   200 THE TH-SOF-0845 06/28/2021 06/28/2021 Computer Files
© 2023 Central Library, National University of Sciences and Technology. All Rights Reserved.